Cartera de perfiles de proyectos para la política educativa centroamericana PEC 2013-201 /
| Συγγραφή απο Οργανισμό/Αρχή: | |
|---|---|
| Μορφή: | Βιβλίο |
| Γλώσσα: | Ισπανικά |
| Έκδοση: |
San José, Costa Rica .
CECC/SICA,
2014
|
| Θέματα: |
MARC
| LEADER | 00000nam a2200000 4500 | ||
|---|---|---|---|
| 008 | 200221b2014 cr ||||| |||| 00| | spa d | ||
| 999 | |c 3888 |d 3888 | ||
| 090 | |a 06.02.04 |b 2578 | ||
| 110 | 2 | |9 2573 |a Coordinación Educativa y Cultural Centroamericana | |
| 245 | |a Cartera de perfiles de proyectos para la política educativa centroamericana PEC 2013-201 / |c CECC/SICA | ||
| 260 | |a San José, Costa Rica . |b CECC/SICA, |c 2014 | ||
| 300 | |a 85 páginas | ||
| 650 | 0 | |9 451 |a POLÍTICA EDUCATIVA | |
| 650 | 0 | |9 152 |a PROYECTOS DE EDUCACION | |
| 942 | |i 004630 |h 06.02.04 2578 |2 z |c 01 | ||
